World Cup Final Goalscorers (1930–2022) - Statistics

General Stats
  • This quiz has been taken 91 times
  • The average score is 24 of 63
Answer Stats
Goal Country Player % Correct
4 France Mbappe
96%
2 Argentina Messi
95%
2 Brazil Ronaldo
95%
3 Brazil Pelé
94%
3 France Zidane
94%
1 Germany Götze
86%
1 Spain Iniesta
84%
1 Argentina Di María
78%
1 France Pogba
77%
1 France Griezmann
70%
1 Germany Müller
69%
1 Croatia Mandžukić
68%
1 Italy Rossi
68%
1 Hungary Puskás
65%
1 Italy Materazzi
64%
1 Croatia Perišić
64%
3 England Hurst
63%
2 Argentina Kempes
62%
1 France Petit
60%
1 Brazil Jairzinho
52%
1 Germany Brehme
49%
3 Brazil Vavá
47%
1 Germany Völler
43%
1 Netherlands Neeskens
37%
1 Germany Rummenigge
36%
2 Germany Breitner
35%
1 Argentina Burruchaga
35%
1 Argentina Valdano
31%
2 Germany Rahn
30%
1 Italy Tardelli
30%
1 Argentina Brown
25%
1 Brazil Gérson
23%
1 Italy Altobelli
22%
2 Italy Piola
21%
1 Argentina Stábile
21%
1 Uruguay Ghiggia
20%
1 Czechoslovakia Masopust
20%
1 Uruguay Schiaffino
20%
1 Italy Boninsegna
19%
1 Sweden Liedholm
19%
1 England Peters
17%
1 Netherlands Nanninga
16%
1 Hungary Czibor
15%
1 Germany Morlock
15%
1 Italy Orsi
15%
1 Italy Schiavio
15%
1 Brazil Zito
15%
1 Argentina Bertoni
14%
1 Germany Haller
14%
1 Brazil Torres
14%
1 Brazil Amarildo
12%
1 Brazil Friaça
12%
1 Germany Weber
12%
1 Uruguay Castro
11%
1 Uruguay Cea
11%
2 Italy Colaussi
10%
1 Uruguay Dorado
10%
1 Czechoslovakia Puč
10%
1 Hungary Sárosi
10%
1 Uruguay Iriarte
9%
1 Sweden Simonsson
9%
1 Hungary Titkos
9%
1 Argentina Peucelle
6%
No matching quizzes found
Score Distribution
Percent of People with Each Score
Percentile by Number Answered
Your Score History
You have not taken this quiz